Statistiques concernant Athlétisme: Les Champions du Monde du 100 m

Cliquez ici pour prendre le quiz!

Statistiques générales

  • Ce quiz a été pris 147 fois
  • Le résultat moyen est 5 sur 9

Statistiques - réponses

Answer % Correct
Usain Bolt
99%
Justin Gatlin
81%
Carl Lewis
75%
Yohan Blake
66%
Maurice Greene
54%
Tyson Gay
52%
Kim Collins
38%
Donovan Bailey
33%
Linford Christie
23%

Distribution des résultats

Percentile par nombre de réponses

% des personnes avec chaque résultat

Votre développement - résultats

Vous n’avez pas pris ce quiz